[Event "11th Asia-ch - Manny Pacquiao Cup"]
[Site "Manila PHI"]
[Date "2013.05.18"]
[Round "1"]
[White "Nezad, Husein Aziz"]
[Black "Sarangani, Usman"]
[Result "1-0"]
[WhiteElo "2410"]
[BlackElo "1932"]
[EventDate "2013.05.18"]
[PlyCount "59"]

1.d4 Nf6 2.c4 e6 3.Nc3 Bb4 4.e3 c5 5.Bd3 d5 6.Nf3 Nbd7 7.O-O cxd4 8.exd4 
dxc4 9.Bxc4 O-O 10.Bg5 Be7 11.Qe2 Nb6 12.Bb3 a6 13.Rad1 Qc7 14.Rc1 Qd6 15.
Rfd1 Nbd5 16.Ne5 Nxc3 17.bxc3 a5 18.c4 Qa6 19.Ba4 Qa7 20.Ng4 Kh8 21.Bxf6 
gxf6 22.d5 e5 23.d6 Bxg4 24.Qxg4 Bd8 25.c5 Rg8 26.Qd7 Rb8 27.Qxf7 Rg7 28.
Qe6 b5 29.Bb3 h5 30.Qe8+ 1-0

[Event "11th Asia-ch - Manny Pacquiao Cup"]
[Site "Manila PHI"]
[Date "2013.05.18"]
[Round "1"]
[White "Pagente, Adelardo"]
[Black "Bitoon, Richard"]
[Result "0-1"]
[WhiteElo "1906"]
[BlackElo "2403"]
[EventDate "2013.05.18"]
[PlyCount "48"]

1.d4 Nf6 2.Nf3 b5 3.e3 a6 4.Bd3 Bb7 5.O-O e6 6.Nbd2 c5 7.b3 Nc6 8.Bb2 Rc8 
9.a3 d5 10.c4 dxc4 11.bxc4 b4 12.Qa4 cxd4 13.exd4 bxa3 14.Bxa3 Bxa3 15.
Qxa3 Nxd4 16.Ne5 Qe7 17.Qxe7+ Kxe7 18.Rfb1 Rc7 19.c5 Rd8 20.Ndc4 Be4 21.
Bxe4 Nxe4 22.Rxa6 Nxc5 23.Ra2 f6 24.Ng4 Ne4 0-1

[Event "11th Asia-ch - Manny Pacquiao Cup"]
[Site "Manila PHI"]
[Date "2013.05.19"]
[Round "2"]
[White "Wan Yunguo"]
[Black "Li Chao"]
[Result "1/2-1/2"]
[WhiteElo "2509"]
[BlackElo "2686"]
[EventDate "2013.05.18"]
[PlyCount "113"]

1.e4 e5 2.Nf3 Nc6 3.Bb5 a6 4.Ba4 Nf6 5.O-O Be7 6.Bxc6 dxc6 7.d3 Nd7 8.Nbd2
O-O 9.Nc4 f6 10.h3 Re8 11.a4 a5 12.Nh4 Nf8 13.Kh1 Ne6 14.Nf5 Bf8 15.Be3 c5
16.f4 Nxf4 17.Bxf4 Bxf5 18.exf5 exf4 19.Rxf4 Qd5 20.Qg4 b6 21.Re4 Rxe4 22.
Qxe4 Qxe4 23.dxe4 Rd8 24.c3 Rd3 25.Kg1 h5 26.Kf2 h4 27.Ke2 Rg3 28.Kf2 Rd3 
29.Ke2 Rg3 30.Ne3 c4 31.Rf1 c6 32.Rf3 b5 33.Rxg3 hxg3 34.Kf3 Bd6 35.Nc2 
bxa4 36.Na3 Kf7 37.Nxc4 Bc7 38.Ke3 c5 39.Kf3 Ke7 40.h4 Kd7 41.e5 fxe5 42.
Ke4 Bd8 43.Nxe5+ Kc7 44.h5 Bg5 45.Ng4 Kd6 46.f6 gxf6 47.h6 f5+ 48.Kxf5 
Bxh6 49.Nxh6 Kd5 50.Ng4 Kc4 51.Ne5+ Kb3 52.Nd3 c4 53.Nc5+ Kxb2 54.Nxa4+ 
Kb3 55.Nc5+ Kxc3 56.Ke4 Kd2 57.Kd4 1/2-1/2

[Event "11th Asia-ch - Manny Pacquiao Cup"]
[Site "Manila PHI"]
[Date "2013.05.19"]
[Round "2"]
[White "Nguyen Ngoc Truong Son"]
[Black "Nguyen Van Huy"]
[Result "1-0"]
[WhiteElo "2631"]
[BlackElo "2443"]
[EventDate "2013.05.18"]
[PlyCount "61"]

1.d4 Nf6 2.c4 e6 3.Nc3 Bb4 4.e3 c5 5.Ne2 b6 6.a3 Ba5 7.Rb1 Na6 8.g3 Bb7 9.
d5 b5 10.Bg2 bxc4 11.O-O O-O 12.e4 exd5 13.e5 Ne8 14.Nxd5 Rb8 15.h4 h6 16.
Nef4 Nac7 17.Be3 Ne6 18.Qg4 Bc7 19.Qf5 g6 20.Qe4 N8g7 21.Rfd1 Kh8 22.Nxg6+
fxg6 23.Qxg6 Bxd5 24.Rxd5 Rb5 25.Be4 Kg8 26.Qh7+ Kf7 27.Bg6+ Ke7 28.Bxc5+ 
d6 29.exd6+ Bxd6 30.Re1 Kf6 31.Bh5 1-0

[Event "11th Asia-ch - Manny Pacquiao Cup"]
[Site "Manila PHI"]
[Date "2013.05.19"]
[Round "2"]
[White "Wang Chen"]
[Black "Lalith Babu, Musunuri Rohit"]
[Result "1-0"]
[WhiteElo "2498"]
[BlackElo "2572"]
[EventDate "2013.05.18"]
[PlyCount "71"]

1.e4 g6 2.Nf3 Bg7 3.Nc3 c6 4.Bc4 d6 5.O-O e6 6.Re1 Ne7 7.d4 b5 8.Bd3 b4 9.
Ne2 Nd7 10.Bf4 Qc7 11.Qd2 Rb8 12.c3 bxc3 13.Nxc3 O-O 14.Rac1 e5 15.Bg5 Nb6
16.h3 Re8 17.Be3 exd4 18.Bxd4 Be6 19.Bf1 Red8 20.Red1 f6 21.Be3 Qb7 22.Bf4
Rd7 23.Nd4 Bf7 24.Nb3 Rbd8 25.Qc2 Qa8 26.Na5 d5 27.exd5 Nbxd5 28.Nxd5 Bxd5
29.Re1 Re8 30.Bc4 Qd8 31.Nxc6 Nxc6 32.Bxd5+ Rxd5 33.Qxc6 Rf8 34.Qe6+ Kh8 
35.Rc7 g5 36.Qe7 1-0

[Event "11th Asia-ch - Manny Pacquiao Cup"]
[Site "Manila PHI"]
[Date "2013.05.19"]
[Round "2"]
[White "Sadorra, Julio Catalino"]
[Black "Nezad, Husein Aziz"]
[Result "1-0"]
[WhiteElo "2561"]
[BlackElo "2410"]
[EventDate "2013.05.18"]
[PlyCount "51"]

1.d4 d5 2.c4 c6 3.Nf3 Nf6 4.Nc3 e6 5.Bg5 h6 6.Bxf6 Qxf6 7.Qc2 dxc4 8.e3 b5
9.a4 Bb7 10.axb5 cxb5 11.Nxb5 Bb4+ 12.Nc3 O-O 13.Ne5 Rc8 14.Bxc4 Bxg2 15.
Rg1 Bb7 16.Kf1 Nc6 17.Nd7 Qe7 18.Ne4 Kh8 19.Rxg7 Kxg7 20.Nef6 Qxf6 21.Nxf6
Kxf6 22.Qe4 Ke7 23.Bxe6 fxe6 24.Qh7+ Kd6 25.Qxb7 Rc7 26.Qxa8 1-0

[Event "11th Asia-ch - Manny Pacquiao Cup"]
[Site "Manila PHI"]
[Date "2013.05.19"]
[Round "2"]
[White "Goh Wei Ming, Kevin"]
[Black "Li Shilong"]
[Result "1/2-1/2"]
[WhiteElo "2449"]
[BlackElo "2558"]
[EventDate "2013.05.18"]
[PlyCount "104"]

1.e4 c5 2.Nf3 Nc6 3.Bb5 e6 4.O-O Nge7 5.Re1 a6 6.Bf1 Ng6 7.c3 Be7 8.d4 
cxd4 9.cxd4 d5 10.Nc3 O-O 11.g3 dxe4 12.Nxe4 Qb6 13.h4 Rd8 14.Qc2 Nb4 15.
Qb3 Nd5 16.Qxb6 Nxb6 17.h5 Nf8 18.h6 Nd5 19.Nc3 Nb4 20.Re2 b5 21.hxg7 Kxg7
22.Bg2 Bb7 23.a3 Nd5 24.Ne5 Rac8 25.Bd2 Ng6 26.f4 Bf8 27.f5 exf5 28.Rf1 
Nxc3 29.Bxc3 Bxg2 30.Kxg2 Nxe5 31.Rxe5 Bxa3 32.Rexf5 b4 33.Rxf7+ Kg8 34.
Bd2 Rc2 35.R1f2 Rxd2 36.Rxd2 Kxf7 37.bxa3 bxa3 38.Ra2 Rxd4 39.Rxa3 Rd6 40.
Kf3 Ke7 41.Kg4 Kd7 42.Kh5 Kc7 43.g4 Kb6 44.Rb3+ Ka7 45.Rf3 Rd7 46.Rf6 a5 
47.g5 Rb7 48.Kh6 Re7 49.Rd6 Rc7 50.Rf6 Rd7 51.Re6 Rb7 52.Rf6 Re7 1/2-1/2

[Event "11th Asia-ch - Manny Pacquiao Cup"]
[Site "Manila PHI"]
[Date "2013.05.19"]
[Round "2"]
[White "Pascua, Haridas"]
[Black "Paragua, Mark"]
[Result "1/2-1/2"]
[WhiteElo "2413"]
[BlackElo "2550"]
[EventDate "2013.05.18"]
[PlyCount "162"]

1.d4 Nf6 2.c4 g6 3.Nc3 d5 4.Qb3 dxc4 5.Qxc4 Bg7 6.Nf3 O-O 7.e4 Na6 8.e5 
Nd7 9.Be3 Nb6 10.Qe2 Nb4 11.Qd2 N6d5 12.a3 Nxe3 13.fxe3 Nc6 14.Bc4 Bh6 15.
O-O Kh8 16.Ne4 f6 17.e6 b6 18.b4 a6 19.a4 Bb7 20.d5 Na7 21.b5 axb5 22.axb5
Nc8 23.Rxa8 Bxa8 24.Qd4 Bg7 25.Qd3 f5 26.Nf2 Nd6 27.Bb3 Nb7 28.Bc4 Nc5 29.
Qd2 Bf6 30.Rd1 Qd6 31.Qc2 Bb7 32.g4 fxg4 33.Nxg4 Kg7 34.Qe2 Na4 35.Rd2 Qb4
36.Nfe5 Nc3 37.Qd3 Bxe5 38.Nxe5 Ne4 39.Re2 Nd6 40.e4 Qc5+ 41.Kg2 Rf4 42.
Re3 Nxc4 43.Nxc4 Qxb5 44.Qc3+ Rf6 45.Nd2 Qa5 46.Qxa5 bxa5 47.Rb3 Ba6 48.
Rc3 Rf4 49.Rxc7 Kf6 50.Kg3 g5 51.Rc3 a4 52.Re3 h6 53.Nf3 Bb7 54.Nd2 Ba6 
55.Nf3 h5 56.h3 h4+ 57.Kg2 Bb7 58.Nd2 g4 59.hxg4 Rxg4+ 60.Kh3 Rg3+ 61.Rxg3
hxg3 62.Nc4 Ba6 63.e5+ Kf5 64.d6 Kxe6 65.d7 Kxd7 66.Nb6+ Ke6 67.Nxa4 Kxe5 
68.Kxg3 Kd4 69.Nb2 Be2 70.Kf2 Bh5 71.Na4 Bd1 72.Nb6 Bg4 73.Na8 e5 74.Nc7 
Bd7 75.Na6 e4 76.Nb4 Ba4 77.Ke1 Kc4 78.Na2 Kd3 79.Nc1+ Ke3 80.Ne2 Bb5 81.
Nc3 Bd3 1/2-1/2

[Event "11th Asia-ch - Manny Pacquiao Cup"]
[Site "Manila PHI"]
[Date "2013.05.19"]
[Round "2"]
[White "Bitoon, Richard"]
[Black "Santosh Gujrathi, Vidit"]
[Result "1/2-1/2"]
[WhiteElo "2403"]
[BlackElo "2549"]
[EventDate "2013.05.18"]
[PlyCount "98"]

1.e4 c6 2.d3 d5 3.Nd2 g6 4.Ngf3 Bg7 5.g3 e5 6.Bg2 Ne7 7.O-O O-O 8.Re1 Nd7 
9.exd5 cxd5 10.c4 dxc4 11.Nxc4 Nc6 12.Bg5 f6 13.Be3 Kh8 14.Qb3 Qe7 15.d4 
e4 16.d5 exf3 17.dxc6 Ne5 18.Nxe5 fxe5 19.cxb7 Bxb7 20.Bh3 Bc8 21.Bf1 Be6 
22.Qa4 Qf7 23.b3 a5 24.Rac1 Rfd8 25.Bb6 Rd2 26.Rc7 Qf5 27.Qc6 Rf8 28.Re7 
Bd7 29.Qc3 Rc2 30.Qxa5 Bf6 31.R7xe5 Bxe5 32.Rxe5 Qf7 33.Bd4 Kg8 34.Rc5 Re2
35.Ba1 h6 36.Qc3 Kh7 37.Rc7 Re7 38.Qd4 Rfe8 39.Bc3 Bf5 40.Rxe7 Qxe7 41.h4 
Rd8 42.Qf4 Rd1 43.Qxf3 Qd7 44.Qe2 Bh3 45.Be1 Bg4 46.Qe5 Qe6 47.Qc7+ Qd7 
48.Qe5 Qe6 49.Qc7+ Qd7 1/2-1/2

[Event "11th Asia-ch - Manny Pacquiao Cup"]
[Site "Manila PHI"]
[Date "2013.05.19"]
[Round "2"]
[White "Emperado, Emmanuel"]
[Black "Gopal, Geetha Narayanan"]
[Result "1-0"]
[WhiteElo "2313"]
[BlackElo "2526"]
[EventDate "2013.05.18"]
[PlyCount "53"]

1.e4 c5 2.Nf3 d6 3.d4 cxd4 4.Nxd4 Nf6 5.Nc3 a6 6.Be2 e5 7.Nb3 Be7 8.O-O 
O-O 9.Re1 Be6 10.Bf3 Nbd7 11.a4 Qc7 12.Be3 h6 13.a5 Rfc8 14.h3 b5 15.axb6 
Nxb6 16.Na5 Nc4 17.Nxc4 Bxc4 18.Na4 Rab8 19.Be2 Bxe2 20.Qxe2 Qxc2 21.Qxa6 
Qxe4 22.Ba7 Qb7 23.Nb6 Rc6 24.Bxb8 Qxb8 25.Rec1 Qxb6 26.Qa8+ Kh7 27.Qxc6 
1-0

[Event "11th Asia-ch - Manny Pacquiao Cup"]
[Site "Manila PHI"]
[Date "2013.05.19"]
[Round "2"]
[White "Arun Prasad, Subramanian"]
[Black "Turqueza, Mari Joseph"]
[Result "1/2-1/2"]
[WhiteElo "2521"]
[BlackElo "2280"]
[EventDate "2013.05.18"]
[PlyCount "66"]

1.Nf3 Nf6 2.g3 g6 3.Bg2 Bg7 4.O-O O-O 5.c4 d6 6.Nc3 Nc6 7.d3 e5 8.Rb1 a5 
9.a3 Nd4 10.b4 axb4 11.axb4 c6 12.b5 Bd7 13.Bg5 Ne6 14.Bd2 Re8 15.Ng5 d5 
16.bxc6 bxc6 17.Nxe6 Bxe6 18.Na4 e4 19.cxd5 Bxd5 20.d4 Ba2 21.Rb2 Be6 22.
e3 Bc4 23.Re1 Bb5 24.Nc5 Bf8 25.Qc2 Qd5 26.Rc1 h5 27.Qd1 Nd7 28.Nxd7 Qxd7 
29.Bb4 Bxb4 30.Rxb4 h4 31.Rb2 h3 32.Bf1 Bxf1 33.Qxf1 Rab8 1/2-1/2

[Event "11th Asia-ch - Manny Pacquiao Cup"]
[Site "Manila PHI"]
[Date "2013.05.19"]
[Round "2"]
[White "Ghaem Maghami, Ehsan"]
[Black "Nadera, Barlo"]
[Result "1/2-1/2"]
[WhiteElo "2568"]
[BlackElo "2388"]
[EventDate "2013.05.18"]
[PlyCount "114"]

1.d4 Nf6 2.c4 e6 3.Nc3 d5 4.Bg5 Nbd7 5.cxd5 exd5 6.e3 c6 7.Bd3 Be7 8.Nge2 
Nf8 9.Qc2 Ne6 10.Bh4 g6 11.O-O O-O 12.Rfd1 Re8 13.a3 a5 14.Na4 Nd7 15.Bxe7
Qxe7 16.Rac1 f5 17.Re1 Ng5 18.Nf4 Ne4 19.f3 Nd6 20.Bf1 Qf6 21.Qf2 g5 22.
Nd3 Re7 23.b3 Kh8 24.Qb2 h6 25.Qd2 Ra7 26.Ndc5 b5 27.Nxd7 Bxd7 28.Nc5 Be8 
29.a4 b4 30.Nd3 Nf7 31.Qf2 Ra8 32.e4 dxe4 33.fxe4 f4 34.Nc5 Rd8 35.e5 Qf5 
36.Bd3 Qg4 37.Bb1 h5 38.Ne4 Qd7 39.Rc4 Qe6 40.h4 Qg4 41.Rf1 gxh4 42.Nf6 
Qg3 43.Qxf4 Ng5 44.Qxg3 hxg3 45.Nxe8 Rexe8 46.Rxc6 Ne6 47.Bd3 Rxd4 48.Bc4 
Ng5 49.Rc7 Re4 50.Bb5 Rd8 51.Re7 h4 52.Bc4 Red4 53.e6 h3 54.Rc7 Rd2 55.e7 
Rxg2+ 56.Kh1 Rh2+ 57.Kg1 Rg2+ 1/2-1/2

[Event "11th Asia-ch - Manny Pacquiao Cup"]
[Site "Manila PHI"]
[Date "2013.05.19"]
[Round "2"]
[White "Garma, Chito"]
[Black "Barbosa, Oliver"]
[Result "1-0"]
[WhiteElo "2318"]
[BlackElo "2566"]
[EventDate "2013.05.18"]
[PlyCount "95"]

1.e4 c6 2.Nc3 d5 3.Nf3 Bg4 4.h3 Bxf3 5.Qxf3 Nf6 6.e5 Nfd7 7.Qg3 e6 8.Be2 
a6 9.b4 Qc7 10.f4 f6 11.Qg4 fxe5 12.Qxe6+ Kd8 13.Rb1 exf4 14.O-O Bd6 15.d4
Nf6 16.Qf5 Nbd7 17.Bxf4 Bxf4 18.Qxf4 Re8 19.Bd3 Qxf4 20.Rxf4 Kc7 21.Rbf1 
Nf8 22.Na4 Ne6 23.Rh4 Re7 24.Nc5 Rae8 25.Nxe6+ Rxe6 26.Rhf4 Kb6 27.g4 h6 
28.Kg2 a5 29.a3 Re1 30.h4 axb4 31.axb4 R1e3 32.R1f3 R3e7 33.Rf1 Ne4 34.Rf8
Nd6 35.g5 hxg5 36.hxg5 Rxf8 37.Rxf8 Ne4 38.Bxe4 Rxe4 39.Kf3 Rxd4 40.Rg8 
Rxb4 41.Rxg7 Rc4 42.g6 Rc3+ 43.Kf4 Rxc2 44.Rd7 Rg2 45.g7 Kc5 46.Rxb7 Kd4 
47.Kf3 Rg6 48.Rb4+ 1-0

[Event "11th Asia-ch - Manny Pacquiao Cup"]
[Site "Manila PHI"]
[Date "2013.05.19"]
[Round "2"]
[White "Adhiban, Baskaran"]
[Black "Segarra, Randy"]
[Result "1-0"]
[WhiteElo "2556"]
[BlackElo "2343"]
[EventDate "2013.05.18"]
[PlyCount "85"]

1.d4 Nf6 2.c4 g6 3.g3 Bg7 4.Bg2 O-O 5.Nc3 d6 6.Nf3 c6 7.O-O Qa5 8.e4 Bg4 
9.h3 Bxf3 10.Bxf3 Nfd7 11.Rb1 Qc7 12.Bg5 Re8 13.Qd2 a5 14.h4 Na6 15.h5 e5 
16.d5 Nac5 17.Rfd1 Bf8 18.b3 Nb6 19.Kg2 cxd5 20.cxd5 Be7 21.Be3 Nbd7 22.
Rbc1 Qd8 23.Rh1 g5 24.h6 Kh8 25.Bg4 Rg8 26.Bf5 Rb8 27.Nb5 Ra8 28.Rc4 b6 
29.Rb1 Nf8 30.a3 Ng6 31.b4 axb4 32.axb4 Nf4+ 33.Bxf4 gxf4 34.bxc5 bxc5 35.
g4 Rb8 36.Ra4 Bf8 37.Qd3 Qf6 38.Ra7 Bxh6 39.Rh1 Rg7 40.Rd7 Rb6 41.Na3 Bg5 
42.Nc4 Ra6 43.Qh3 1-0

[Event "11th Asia-ch - Manny Pacquiao Cup"]
[Site "Manila PHI"]
[Date "2013.05.19"]
[Round "2"]
[White "Dzhumaev, Marat"]
[Black "Elorta, David"]
[Result "1-0"]
[WhiteElo "2549"]
[BlackElo "2348"]
[EventDate "2013.05.18"]
[PlyCount "59"]

1.e4 c6 2.d4 d5 3.Nc3 a6 4.g3 dxe4 5.Nxe4 Bf5 6.Bg2 e6 7.Ne2 Nd7 8.O-O 
Ngf6 9.Nxf6+ Nxf6 10.c4 Bd6 11.Qb3 Rb8 12.Nc3 O-O 13.Be3 Ng4 14.Rad1 Nxe3 
15.fxe3 h5 16.c5 Bc7 17.e4 Bg4 18.Rd3 h4 19.Qc2 hxg3 20.hxg3 Qg5 21.e5 f5 
22.Bf3 Rbd8 23.Ne2 Qh6 24.Qb3 Rfe8 25.Rf2 Bxf3 26.Rdxf3 Ba5 27.Nf4 Kf7 28.
Nxe6 Rd5 29.Rxf5+ Kxe6 30.Qxb7 1-0

[Event "11th Asia-ch - Manny Pacquiao Cup"]
[Site "Manila PHI"]
[Date "2013.05.19"]
[Round "2"]
[White "Antonio, Rogelio jr"]
[Black "Abelgas, Roel"]
[Result "1/2-1/2"]
[WhiteElo "2539"]
[BlackElo "2269"]
[EventDate "2013.05.18"]
[PlyCount "106"]

1.e4 c6 2.d4 d5 3.Nc3 dxe4 4.Nxe4 Nf6 5.Nxf6+ exf6 6.Bc4 Bd6 7.Qe2+ Qe7 8.
Qxe7+ Kxe7 9.Ne2 Be6 10.Bd3 Nd7 11.Nf4 c5 12.Ne2 Rad8 13.c3 Rhe8 14.O-O 
Kf8 15.Be3 a6 16.Rfe1 g6 17.h3 Kg7 18.a4 Bf8 19.Be4 cxd4 20.Nxd4 Nc5 21.
Bf3 Bc8 22.Red1 f5 23.a5 Ne4 24.Ne2 f6 25.Bb6 Rd2 26.Rab1 Rxd1+ 27.Rxd1 
Ng5 28.Nd4 Nxf3+ 29.Nxf3 Kf7 30.Nd4 Bd7 31.Kf1 f4 32.c4 f5 33.b3 Bc8 34.
Re1 Re4 35.f3 Rxe1+ 36.Kxe1 g5 37.Ke2 Bd7 38.Kd3 Bg7 39.b4 Kg6 40.Ne2 Kh5 
41.Bc7 Bc6 42.Bd6 Kh4 43.Kd2 Bf6 44.Kd3 Ba4 45.Bc5 Bc6 46.Bf2+ Kh5 47.Be1 
Be5 48.Bd2 Kh4 49.Be1+ Kh5 50.Bd2 Kh4 51.Be1+ Kh5 52.Bd2 Kh4 53.Be1+ Kh5 
1/2-1/2

[Event "11th Asia-ch - Manny Pacquiao Cup"]
[Site "Manila PHI"]
[Date "2013.05.19"]
[Round "2"]
[White "Bai Jinshi"]
[Black "Megaranto, Susanto"]
[Result "1/2-1/2"]
[WhiteElo "2369"]
[BlackElo "2531"]
[EventDate "2013.05.18"]
[PlyCount "97"]

1.d4 Nf6 2.c4 e6 3.Nc3 Bb4 4.Qc2 O-O 5.a3 Bxc3+ 6.Qxc3 b5 7.cxb5 c6 8.Bg5 
cxb5 9.e3 Bb7 10.Nf3 a6 11.Bd3 h6 12.Bh4 Nc6 13.O-O Rc8 14.Qd2 g5 15.Bg3 
Na5 16.Qb4 Be4 17.Rad1 Bxd3 18.Rxd3 Rc2 19.Rc3 Rxc3 20.Qxc3 Ne4 21.Qc2 
Nxg3 22.hxg3 Qc8 23.Rc1 Qxc2 24.Rxc2 Nc4 25.a4 g4 26.Ne5 Nxe5 27.dxe5 bxa4
28.Rc4 h5 29.Rxa4 Rc8 30.f3 Rc1+ 31.Kh2 Re1 32.e4 Re2 33.f4 Rxb2 34.Rxa6 
Kf8 35.Ra8+ Kg7 36.Rd8 Re2 37.Rxd7 Rxe4 38.Rd8 h4 39.gxh4 Rxf4 40.Kg3 Re4 
41.Rc8 Rxe5 42.Kxg4 Re4+ 43.Kh3 f5 44.g3 Re2 45.Rc4 Kf6 46.g4 Re3+ 47.Kg2 
fxg4 48.Rxg4 Kf5 49.Rg3 1/2-1/2

[Event "11th Asia-ch - Manny Pacquiao Cup"]
[Site "Manila PHI"]
[Date "2013.05.19"]
[Round "2"]
[White "Pimentel, Joel"]
[Black "Laylo, Darwin"]
[Result "0-1"]
[WhiteElo "2194"]
[BlackElo "2504"]
[EventDate "2013.05.18"]
[PlyCount "98"]

1.d4 Nf6 2.c4 g6 3.Nc3 d5 4.Nf3 Bg7 5.g3 dxc4 6.Bg2 O-O 7.Ne5 Nc6 8.Nxc6 
bxc6 9.O-O Rb8 10.Rb1 Nd5 11.Na4 Nb6 12.e3 Bf5 13.Ra1 Bd3 14.Re1 Nxa4 15.
Qxa4 c5 16.dxc5 c3 17.bxc3 Bxc3 18.Ba3 Bxa1 19.Rxa1 Rb1+ 20.Rxb1 Bxb1 21.
c6 Qd2 22.Bf1 Re8 23.Qxa7 Qc3 24.Bxe7 Rxe7 25.Qb8+ Kg7 26.Qxb1 Qxc6 27.
Qb2+ Qf6 28.Qc2 Qe5 29.a4 Rd7 30.h4 Rd5 31.Bc4 Rc5 32.Kh2 Qf6 33.Qa2 Qc6 
34.Bf1 Rc2 35.Qa1+ Qf6 36.Qxf6+ Kxf6 37.Kg2 Ra2 38.Bb5 Ke7 39.Kf3 f6 40.g4
Kd6 41.h5 c6 42.Bd3 gxh5 43.Bxh7 hxg4+ 44.Kxg4 Rxf2 45.Bg6 Ke5 46.Be8 c5 
47.Bb5 Ke4 48.a5 Kxe3 49.a6 Kd4 0-1

[Event "11th Asia-ch - Manny Pacquiao Cup"]
[Site "Manila PHI"]
[Date "2013.05.19"]
[Round "2"]
[White "Nguyen Djuc Hoa"]
[Black "Dela Cruz, Noel"]
[Result "1-0"]
[WhiteElo "2503"]
[BlackElo "2331"]
[EventDate "2013.05.18"]
[PlyCount "75"]

1.d4 Nf6 2.c4 g6 3.Nc3 d5 4.Bg5 Ne4 5.h4 Nxc3 6.bxc3 Bg7 7.e3 c5 8.h5 cxd4
9.h6 Bf6 10.Bxf6 exf6 11.cxd4 O-O 12.Nf3 Nc6 13.Rc1 Bg4 14.Be2 dxc4 15.
Rxc4 Be6 16.Rc2 a5 17.Qd2 Qd6 18.O-O Rfd8 19.Rb2 Rab8 20.Rfb1 Bd5 21.Nh2 
Qf8 22.Bf3 Qxh6 23.Rxb7 Rbc8 24.R7b5 Bxf3 25.Nxf3 Qf8 26.d5 Ra8 27.e4 Qe8 
28.Qf4 Nb4 29.Rb7 Ra6 30.a3 Nd3 31.Qc7 Raa8 32.Qc4 Nf4 33.Rc7 Rab8 34.Rxb8
Rxb8 35.g3 Nh5 36.d6 Rd8 37.Re7 Qf8 38.e5 1-0

[Event "11th Asia-ch - Manny Pacquiao Cup"]
[Site "Manila PHI"]
[Date "2013.05.19"]
[Round "2"]
[White "Murshed, Niaz"]
[Black "Docena, Jerad"]
[Result "1-0"]
[WhiteElo "2480"]
[BlackElo "2055"]
[EventDate "2013.05.18"]
[PlyCount "119"]

1.d4 Nf6 2.c4 g6 3.Nc3 Bg7 4.e4 d6 5.Be2 O-O 6.Bg5 c5 7.d5 Qa5 8.Bd2 a6 9.
Nf3 Bg4 10.O-O Nbd7 11.h3 Bxf3 12.Bxf3 b5 13.Nxb5 Qb6 14.Nc3 Qxb2 15.Rb1 
Qa3 16.Rb3 Qa5 17.Qc2 Rfb8 18.Bd1 Qc7 19.Kh1 Nb6 20.Be2 Nfd7 21.f4 Ra7 22.
Nd1 Rab7 23.Nf2 Nc8 24.Nd3 Bd4 25.Bg4 Rxb3 26.axb3 Qb7 27.Nc1 Ncb6 28.Nd3 
Nf6 29.Bf3 Nbd7 30.Rb1 Qb6 31.Nc1 Ne8 32.Qa2 Qb7 33.Nd3 Nef6 34.Qc2 Qb6 
35.g4 a5 36.Qa2 Qa6 37.Rc1 Qb6 38.Rb1 Qa6 39.Qxa5 Qxa5 40.Bxa5 Ra8 41.Be1 
Nb6 42.e5 Ne8 43.Bf2 Bxf2 44.Nxf2 Ra2 45.Ne4 Nd7 46.b4 cxb4 47.Rxb4 Ra7 
48.e6 fxe6 49.dxe6 Ndf6 50.Nxf6+ Nxf6 51.g5 Nh5 52.Bxh5 gxh5 53.Rb8+ Kg7 
54.f5 h6 55.h4 Rc7 56.Rd8 Rxc4 57.f6+ exf6 58.e7 Rxh4+ 59.Kg2 Re4 60.gxf6+
1-0

[Event "11th Asia-ch - Manny Pacquiao Cup"]
[Site "Manila PHI"]
[Date "2013.05.19"]
[Round "2"]
[White "Kuderinov, Kirill"]
[Black "Masruri, Rahman"]
[Result "1-0"]
[WhiteElo "2442"]
[BlackElo "2165"]
[EventDate "2013.05.18"]
[PlyCount "145"]

1.c4 Nf6 2.Nf3 e6 3.g3 b6 4.Bg2 Bb7 5.O-O Be7 6.b3 O-O 7.Bb2 c5 8.Qc2 Nc6 
9.a3 h6 10.e3 Rc8 11.d3 d5 12.Nbd2 Qc7 13.Rfd1 Rfd8 14.Rac1 Qb8 15.Qb1 Qa8
16.Ne5 Nxe5 17.Bxe5 Ng4 18.Bb2 Bf6 19.Bxf6 Nxf6 20.b4 dxc4 21.Bxb7 Qxb7 
22.Nxc4 Qf3 23.Nd2 Qh5 24.Kg2 Qe2 25.Nf1 cxb4 26.Rxc8 Rxc8 27.Rd2 Qh5 28.
Qxb4 Rc1 29.h3 Qc5 30.e4 Ra1 31.Qxc5 bxc5 32.Ne3 Rxa3 33.Nc4 Rb3 34.Ne5 
Rb7 35.Ra2 Rc7 36.Ra6 Nd7 37.Nc4 Nb8 38.Ra5 Nd7 39.Ra6 Kf8 40.Kf3 Nb8 41.
Ra4 Nc6 42.Ke3 Ke7 43.Ra6 f6 44.Kd2 Nb4 45.Ra3 Kd7 46.Kc3 Nc6 47.Ra6 Ke7 
48.Ra1 Rd7 49.Nb2 Rc7 50.Ra6 Nd4 51.Kc4 Nf3 52.Na4 Ne5+ 53.Kc3 g5 54.Ra5 
Kd6 55.Nb2 Ke7 56.Rb5 Nd7 57.Nc4 h5 58.f4 a6 59.Rb1 Ra7 60.Na5 Kd6 61.e5+ 
fxe5 62.fxg5 Ra8 63.Nc4+ Kc7 64.Rf1 Rg8 65.h4 Rg7 66.Ra1 Kb7 67.Re1 Kc7 
68.Nxe5 Nxe5 69.Rxe5 Kd6 70.Re4 a5 71.g4 hxg4 72.Rxg4 Ke5 73.h5 1-0

[Event "11th Asia-ch - Manny Pacquiao Cup"]
[Site "Manila PHI"]
[Date "2013.05.19"]
[Round "2"]
[White "Gundavaa, Bayarsaihan"]
[Black "Bancod, Ronald"]
[Result "1-0"]
[WhiteElo "2528"]
[BlackElo "2290"]
[EventDate "2013.05.18"]
[PlyCount "147"]

1.d4 d5 2.c4 dxc4 3.e3 Nf6 4.Bxc4 e6 5.Nf3 c5 6.O-O Nc6 7.Qe2 cxd4 8.Rd1 
Be7 9.exd4 O-O 10.Nc3 Na5 11.Bd3 b6 12.Qe5 Bb7 13.Qg3 Re8 14.Qh3 Rc8 15.
Bg5 g6 16.Ne5 Nh5 17.Be3 Bg5 18.Nb5 Bxe3 19.fxe3 a6 20.Nc3 Qg5 21.Re1 b5 
22.Re2 Nc4 23.Nxc4 bxc4 24.Be4 Bd5 25.Rf1 Nf6 26.Bf3 h5 27.e4 Bc6 28.e5 
Ng4 29.Bxc6 Rxc6 30.Qf3 Rc7 31.h3 Nh6 32.Ne4 Qd8 33.Nf6+ Kf8 34.Nxe8 Qxd4+
35.Ref2 Kxe8 36.Rd1 Qc5 37.Qf6 Rc8 38.Kh2 Qe7 39.Qh8+ Qf8 40.Qxf8+ Kxf8 
41.Rd6 Nf5 42.Rxa6 h4 43.Re2 Rd8 44.Re4 Rd2 45.Rxc4 Rxb2 46.Re4 Kg7 47.a4 
g5 48.Re1 Ra2 49.Ra8 Nd4 50.Kh1 Ne2 51.a5 Nf4 52.a6 Kg6 53.a7 Kf5 54.Rb1 
Ne2 55.Kh2 Ng3 56.Kg1 Kf4 57.Kh2 Kf5 58.Rc1 Kf4 59.Re1 Kf5 60.Rb1 Kf4 61.
Kg1 Ke3 62.Rab8 Rxa7 63.R8b4 Nf5 64.Rg4 Ra5 65.Rb3+ Kd2 66.Re4 Ra1+ 67.Kf2
Ra7 68.Re2+ Kc1 69.Rbb2 Ra4 70.Ra2 Rf4+ 71.Ke1 Kb1 72.Rad2 Rd4 73.Rxd4 
Nxd4 74.Rf2 1-0

[Event "11th Asia-ch - Manny Pacquiao Cup"]
[Site "Manila PHI"]
[Date "2013.05.19"]
[Round "2"]
[White "Djao Thien Hai"]
[Black "Liew Chee Meng, Jimmy"]
[Result "1-0"]
[WhiteElo "2506"]
[BlackElo "2287"]
[EventDate "2013.05.18"]
[PlyCount "73"]

1.d4 d5 2.c4 e5 3.dxe5 d4 4.Nf3 Nc6 5.Nbd2 Be6 6.g3 Qd7 7.Bg2 O-O-O 8.O-O 
Bh3 9.Qa4 h5 10.b4 Bxg2 11.Kxg2 h4 12.b5 Nb8 13.Ba3 Bxa3 14.Qxa3 hxg3 15.
fxg3 Ne7 16.Rf2 Ng6 17.Qxa7 Qg4 18.Nb3 Nf4+ 19.Kf1 Ne6 20.Na5 Qe4 21.Kg1 
b6 22.Nd2 Qe3 23.Nf1 Qa3 24.Qb7+ Kd7 25.Nb3 Ke7 26.e3 d3 27.Rd1 Nd7 28.
Rxd3 Nxe5 29.Rxd8 Rxd8 30.Qe4 f6 31.Nd4 Rxd4 32.exd4 Ng5 33.Qe3 Qxe3 34.
Nxe3 Nef3+ 35.Kg2 Ne1+ 36.Kf1 Nd3 37.Rd2 1-0

[Event "11th Asia-ch - Manny Pacquiao Cup"]
[Site "Manila PHI"]
[Date "2013.05.19"]
[Round "2"]
[White "Luthfi Ali, Muhammad"]
[Black "Tran Tuan Minh"]
[Result "1/2-1/2"]
[WhiteElo "2246"]
[BlackElo "2399"]
[EventDate "2013.05.18"]
[PlyCount "66"]

1.e4 c6 2.d4 d5 3.Nc3 dxe4 4.Nxe4 Bf5 5.Ng3 Bg6 6.h4 h6 7.Nf3 Nd7 8.h5 Bh7
9.Bd3 Bxd3 10.Qxd3 e6 11.Bd2 Ngf6 12.O-O-O Qc7 13.Ne4 O-O-O 14.g3 Nxe4 15.
Qxe4 Nf6 16.Qe2 Kb8 17.c4 Ka8 18.Bc3 Bd6 19.Kb1 Rhe8 20.Ne5 c5 21.dxc5 
Bxc5 22.f4 Bd6 23.Rd3 Bxe5 24.Bxe5 Qc6 25.Rhd1 Rxd3 26.Qxd3 Rc8 27.Bxf6 
gxf6 28.b3 Rb8 29.Kb2 a6 30.Rd2 f5 31.Qc3 Qh1 32.c5 Rc8 33.c6 Qxc6 1/2-1/2

[Event "11th Asia-ch - Manny Pacquiao Cup"]
[Site "Manila PHI"]
[Date "2013.05.19"]
[Round "2"]
[White "Akash, Ganesan"]
[Black "Bersamina, Paulo"]
[Result "1/2-1/2"]
[WhiteElo "2397"]
[BlackElo "2283"]
[EventDate "2013.05.18"]
[PlyCount "112"]

1.e4 c6 2.d4 d5 3.e5 Bf5 4.Nf3 e6 5.Be2 Nd7 6.O-O h6 7.Nbd2 Bh7 8.Nb3 Ne7 
9.a4 Nf5 10.a5 a6 11.c4 dxc4 12.Bxc4 Be7 13.Qe2 Qc7 14.Bd2 O-O 15.Rac1 
Rfd8 16.g3 Rac8 17.Bc3 Bf8 18.g4 Ne7 19.Ne1 c5 20.f4 cxd4 21.Bxd4 Nc6 22.
Bf2 g5 23.f5 Re8 24.fxe6 fxe6 25.Nf3 Bg7 26.Nbd4 Nf8 27.Nf5 Bxf5 28.gxf5 
g4 29.Nd4 Qxe5 30.Nxe6 Qxe2 31.Bxe2 Nxe6 32.fxe6 h5 33.Rfd1 Kh8 34.Rd5 
Rxe6 35.Rxh5+ Rh6 36.Rcc5 Rxh5 37.Rxh5+ Kg8 38.Bc4+ Kf8 39.Rf5+ Ke8 40.
Bf7+ Kd7 41.Rd5+ Ke7 42.Bh5 Ne5 43.Rc5 Rxc5 44.Bxc5+ Ke6 45.b3 Kf5 46.Kg2 
Nd3 47.Be3 Bc3 48.Bf7 Ne1+ 49.Kf2 Bxa5 50.Bd5 Nd3+ 51.Ke2 Nf4+ 52.Bxf4 
Kxf4 53.Bxb7 Bb6 54.Bxa6 Bg1 55.Kf1 Bxh2 56.Kg2 Bg3 1/2-1/2